• 首页
  • 本馆介绍
  • 公告通知
  • 最新文献
  • 馆藏检索
  • 电子资源
  • 读者导购
  • 参考咨询
  • 我的图书馆
  • 登录
  • 详细信息显示
  • 放入我的书架
  • 预约/预借图书
  • 作者相关作品
  • 分类相关作品
  • 丛书相关作品
  • 出版社相关作品

书目信息

  • 表格格式
  • 工作单格式
  • 卡片格式
题名:
劳动与就业暨社会保险法律保护全书
    
 
作者: 刘树炎 主编
分册:  
出版信息: 长春   吉林人民出版社  2004.04
页数: 1187页
开本: 24cm
丛书名:
单 册:
中图分类: D922.509
科图分类:
主题词: 劳动法--lao dong fa--法规--中国--汇编 , 社会保障--she kuai bao zhang--法规--中国--汇编
电子资源:
ISBN: 7-206-04409-3
000 00821nam0 2200241 450
001 CAL 012004046742
005 20040510171842.5
010    @a7-206-04409-3@b精装@dCNY118.00
099    @aCAL 012004046742
100    @a20040921d2004 em y0chiy0121 ea
101 0  @achi
102    @aCN@b220000
105    @ak n 000yy
200 1  @a劳动与就业暨社会保险法律保护全书@Alao dong yu jiu ye ji she hui bao xian fa lv bao hu quan shu@f《中华人民共和国法律全书》编委会编@g执行主编刘树炎
210    @a长春@c吉林人民出版社@d2004.04
215    @a1187页@d24cm
606 0  @a劳动法@Alao dong fa@x法规@y中国@j汇编
606 0  @a社会保障@Ashe kuai bao zhang@x法规@y中国@j汇编
690    @aD922.509@v4
701  0 @a刘树炎@Aliu shu yan@4主编
801  0 @aCN@bPUL@c20040921
905    @aBZT@dD922.509@e1@f2
906    @dCNY118.00@n0@r1
    
    劳动与就业暨社会保险法律保护全书/《中华人民共和国法律全书》编委会编/执行主编刘树炎.-长春:吉林人民出版社,2004.04
    1187页;24cm
    
    
    ISBN 7-206-04409-3(精装):CNY118.00
    
●
相关链接 在五车中查询图书 在当当中查询图书 在豆瓣中查询图书


正题名:劳动与就业暨社会保险法律保护全书     索取号:D922.509/1         预约/预借

序号 登录号 条形码 馆藏地/架位号 状态 备注
1 2001061390   2001061390   样本书库/样008架B面1层2列/ [索取号:D922.509/1] 在馆    
2 2001741598   2001741598   特藏书库/藏004架A面1层1列/ [索取号:D922.509/1] 在馆    
山东省滨州职业学院图书馆 欢迎您!
大连网信软件有限公司© 版权所有